00927nam a2200253 i 4500003000500000005001700005008004100022040002500063100003300088245005800121300001700179336002100196337002500217338002300242502009900265504003900364700004200403700003400445700004100479720003300520720004300553720003800596720003900634CSPC20250312103928.0250312s2023 ph a bbbb 000 0 eng d aCSPCbengcCSPCerda1 aDe Villa, Edilyn D.eauthor.10aTaro delicacies /cEdilyn D. De Villa [and 3 others]. a165 leaves.` 2rdacontentatext 2rdamediaaunmediated 2rdacarrieravolume aUndergraduate Theses (BSHM) - Hospitality ManagementcCamarines Sur Polytechnic Colleges, 2023 aIncludes bibliographic references.1 aPornalisa, Maria Jellaine P.eauthor.1 aSumayo, Catherine Z.eauthor.1 aTapiador, Eliza Marielle A.eauthor. aJunio, Michelle L.eadviser. aOliveros, Rosanna B.echair, panelist. aSotero, Maria Luisa O.epanelist. aOrobia, Mark Anthony L.epanelist.